Немецкая хрестоматия (Запись № 6903049)

Подробности
000 -МАРКЕР
контрольное поле 01492nam0a22003131 4500
001 - ИДЕНТИФИКАТОР ЗАПИСИ
контрольное поле v19\rc\1969584
005 - ИДЕНТИФИКАТОР ВЕРСИИ
контрольное поле 20230405090806.0
035 ## - ДРУГИЕ СИСТЕМНЫЕ НОМЕРА
Идентификатор записи (NLR Aleph) 005051853
100 ## - ДАННЫЕ ОБЩЕЙ ОБРАБОТКИ
Данные общей обработки 20080428d1914 u y0rusy50 ca
101 0# - ЯЗЫК РЕСУРСА
Язык текста, звукозаписи и т.д. русский
-- немецкий
102 ## - СТРАНА ПУБЛИКАЦИИ ИЛИ ПРОИЗВОДСТВА
Страна публикации Российская Федерация
105 ## - ПОЛЕ КОДИРОВАННЫХ ДАННЫХ: ТЕКСТОВЫЕ МАТЕРИАЛЫ, МОНОГРАФИЧЕСКИЕ
Кодированные данные о монографическом текстовом документе y j |||||
200 1# - ЗАГЛАВИЕ И СВЕДЕНИЯ ОБ ОТВЕТСТВЕННОСТИ
Основное заглавие Немецкая хрестоматия
Первые сведения об ответственности Сост. П. Глезер, преп. Кадет. корпуса и лектор Демидов. юр. лицея в Ярославле
205 ## - СВЕДЕНИЯ ОБ ИЗДАНИИ
Сведения об издании 10-е изд.
210 ## - ПУБЛИКАЦИЯ, РАСПРОСТРАНЕНИЕ И ДР.
Место издания, распространения и т.д. Санкт-Петербург
Имя издателя, распространителя и т. д. глав. скл. в кн. маг. К.Л. Риккер
Дата издания, распространения и т.д. 1914
Имя изготовителя druck von Metzger & Wittig in Leipzig
215 ## - ФИЗИЧЕСКАЯ ХАРАКТЕРИСТИКА
Специфическое обозначение материала и объем VIII, 166, [4], 116 с.
Размеры 22
300 ## - ОБЩИЕ ПРИМЕЧАНИЯ
Текст примечания Загл. на рус. и нем. яз.; текст на нем. яз.
327 0# - ПРИМЕЧАНИЯ О СОДЕРЖАНИИ
Текст примечания С. [4], 1-116: Словарь к немецкой хрестоматии П. Глезера, с отд. тит. л.
464 #0 - АНАЛИТИЧЕСКИЙ УРОВЕНЬ
Встроенное поле 2001#$aСловарь к немецкой хрестоматии П. Глезера
-- 215##$aС. [4], 1-116
Заглавие Словарь к немецкой хрестоматии П. Глезера
532 13 - РАСШИРЕННОЕ ЗАГЛАВИЕ
Заглавие Немецкая хрестоматия
700 #1 - ИМЯ ЛИЦА - ПЕРВИЧНАЯ ОТВЕТСТВЕННОСТЬ
Код отношения Составитель
Графика поля Кириллица
Материалы, к которым относится поле rus
Начальный элемент ввода Глезер
Часть имени, кроме начального элемента ввода П. Р.
Расширение инициалов личного имени Пауль Рудольфович
Системный номер авторитетной/нормативной записи 2708395
Идентификатор авторитетной/нормативной записи RU\NLR\AUTH\770293416
801 #0 - ИСТОЧНИК ЗАПИСИ
Страна Российская Федерация
Организация NLR
Правила каталогизации psbo
801 #0 - ИСТОЧНИК ЗАПИСИ
Страна Российская Федерация
Организация RuMoRGB
Источник данных psbo
801 #1 - ИСТОЧНИК ЗАПИСИ
Страна Российская Федерация
Организация ProSoft-M
Источник данных rusmarc
852 ## - МЕСТОНАХОЖДЕНИЕ И ШИФР ХРАНЕНИЯ
Идентификатор организации NLR
Шифр хранения (Call Number) 17.141.2.62
942 ## - ДОПОЛНИТЕЛЬНЫЕ ЭЛЕМЕНТЫ ЗАПИСИ (АБИС)
Тип экземпляра АБИС Книга
980 ## - КОЛЛЕКЦИЯ
Название коллекции Национальная библиография
Экземпляры
Тип экземпляра Дата поступления Библиотека постоянного хранения Библиотека текущего хранения Место хранения Шифр хранения Штрих-код Статус экземпляра
Книга 26.10.2013 РНБ (Садовая) РНБ (Садовая) Русский книжный фонд -Главное здание, Ленинский читальный зал 17.141.2.62 5051853-10